| 000 | 01148nam a22003497a 4500 | ||
|---|---|---|---|
| 003 | CHAP | ||
| 005 | 20220329140606.0 | ||
| 008 | 971013s1948 r 00010 d | ||
| 010 | _a54423 | ||
| 011 | _a55395 | ||
| 035 | _a59547 | ||
| 040 | _cCHAP | ||
| 090 | _aFolleto 1371 | ||
| 100 | 0 | 0 |
_aSievers, A. F. _9105883 |
| 245 | _aPlantas medicinales de regiones tropicales y subtropicales | ||
| 260 |
_aWashington : _bUnión Panamericana, _c1948 |
||
| 300 |
_a80 p. _b: ilus. |
||
| 490 |
_aPublicación agrícola _v; 154-158 |
||
| 590 |
_aBATCH-UPD _b10 _c20130110 _lUCH01 _h0350 |
||
| 590 |
_aBATCH-UPD _b10 _c20130110 _lUCH01 _h2157 |
||
| 590 |
_aBATCH-UPD _b10 _c20130410 _lUCH01 _h0023 |
||
| 590 |
_aBATCH-UPD _b10 _c20130410 _lUCH01 _h1505 |
||
| 590 |
_aBATCH-UPD _b10 _c20130914 _lUCH01 _h0741 |
||
| 590 |
_aCONVERSION _b10 _c20130109 _lUCH01 _h1329 |
||
| 650 | 1 | 4 |
_aBotánica médica. _914680 |
| 700 | 0 |
_aHigbee, E. C. _955311 |
|
| 830 | 0 |
_aPublicación agrícola _v; 154-158 _992750 |
|
| 901 | _aBK | ||
| 942 | _cFOLL | ||
| 949 |
_aFolleto 1371 _bBC _cFOLL _d-128768 _eTS1 _i59547 _si |
||
| 949 |
_aFolleto 1371 _bBC _cFOLL _d-128769 _eTS2 _fc.2 _i59547 _si |
||
| 999 |
_c54423 _d54423 |
||